| 000 | 01067cam a22002894a 4500 | ||
|---|---|---|---|
| 001 | 11767812 | ||
| 005 | 20241129160608.0 | ||
| 008 | 990720s2000 nyua b 001 0 eng | ||
| 020 | _a0471435716 (alk. paper) | ||
| 020 | _a0471394084 (Interactive learning edition) | ||
| 020 | _a9780471435716 | ||
| 050 | 0 | 0 |
_aHD58.7 _b.S34 2000 |
| 082 | 0 | 0 |
_a658 _221 |
| 100 | 1 | _aSchermerhorn, John R. | |
| 245 | 1 | 0 |
_aOrganizational behavior / _cJohn R. Schermerhorn, Jr., James G. Hunt, Richard N. Osborn. |
| 250 | _a7th ed. update | ||
| 260 |
_aNew York : _bWiley, _cc2000. |
||
| 300 |
_a1 v. (various pagings) : _bcol. ill. ; _c26 cm. + _e1 computer optical disc (4 3/4 in.) |
||
| 440 | 0 | _aWiley series in management | |
| 650 | 0 | _aOrganizational behavior. | |
| 650 | 0 | _aManagement. | |
| 700 | 1 | _aOsborn, Richard. | |
| 700 | 1 |
_aHunt, James G., _d1932- |
|
| 856 | 4 |
_3Table of Contents _uhttp://www.loc.gov/catdir/toc/onix04/99041455.html |
|
| 856 | 4 | 2 |
_3Publisher description _uhttp://www.loc.gov/catdir/enhancements/fy0707/99041455-d.html |
| 942 |
_2lcc _cBK _e7th Ed. _n0 |
||
| 999 |
_c1772 _d1772 |
||